Statistics for Countries Closest to Libya

Click here to take the quiz!

General Stats

  • This quiz has been taken 1,161 times
  • The average score is 16 of 20

Answer Stats

kmcountrymiles% Correct
0Egypt0
99%
0Algeria0
98%
0Sudan0
97%
0Tunisia0
96%
0Chad0
94%
276Italy171
91%
0Niger0
91%
259Greece161
88%
340Malta211
85%
757Cyprus471
81%
867Israel539
80%
568Türkiye353
78%
866Mali538
76%
949Lebanon590
72%
758Albania471
71%
939Saudi Arabia584
70%
882North
Macedonia
548
60%
941Bulgaria585
53%
936France581
52%
861Palestine535
42%

Score Distribution

Percentile by Number Answered

Percent of People with Each Score

Your Score History

You have not taken this quiz